000
00260nam a22001217a 4500
008
170407b xxu||||| |||| 00| 0 eng d
041
_a
ALB
080
_a
616
100
_a
9
101
_a
SHM
245
_a
PATOLOGJIA MORFOLOGJIKE
_c
BITRI, P
942
_2
udc
_c
BK
999
_c
10193
_d
10193